000 00647nam a22002297a 4500
003 UA-OsUOA
001 34059
007 ta
008 20050921b un ||||| |||| 00| 0 ukr d
100 _aКубланов Б.
090 _a7.01
_bК88
942 _cBK
040 _aUA-OsUOA
_brus
_cUA-OsUOA
_dUA-OsUOA
245 _aГносеологическая природа литературы и искусства
300 _a289 с.
955 _a2
041 _arus
080 _a7.01
260 _aЛьвів
_bЛьвивський у-т
_c1958
650 7 _a7.0 Загальні питання мистецтва
_2UDC
999 _c320480
_d320480